ARRUPE JESUIT UNIVERSITY

CORONAVIRUS -STOP THE SPREAD - CLEAN,DISINFECT,COVER

Human rights, the rule of law, and development in Africa / (Record no. 123160)

MARC details
000 -LEADER
fixed length control field 01218cam a22003254a 4500
001 - CONTROL NUMBER
control field 13404097
003 - CONTROL NUMBER IDENTIFIER
control field ARRUPE
005 - DATE AND TIME OF LATEST TRANSACTION
control field 20150827145818.0
008 - FIXED-LENGTH DATA ELEMENTS--GENERAL INFORMATION
fixed length control field 031114s2004 pau b 001 0 eng
010 ## - LIBRARY OF CONGRESS CONTROL NUMBER
LC control number 2003066568
020 ## - INTERNATIONAL STANDARD BOOK NUMBER
International Standard Book Number 0812237838 (cloth : alk. paper)
040 ## - CATALOGING SOURCE
Original cataloging agency DLC
Transcribing agency DLC
Modifying agency DLC
042 ## - AUTHENTICATION CODE
Authentication code pcc
043 ## - GEOGRAPHIC AREA CODE
Geographic area code f------
050 00 - LIBRARY OF CONGRESS CALL NUMBER
Classification number JC599.A36
Item number H87 2004
082 00 - DEWEY DECIMAL CLASSIFICATION NUMBER
Classification number 323/.096
Edition number 22
300 ## - PHYSICAL DESCRIPTION
Dimensions 24 cm.
100 ## - MAIN ENTRY--PERSONAL NAME
Personal name Zeleza, Paul Tiyambe,
9 (RLIN) 19053
245 00 - TITLE STATEMENT
Title Human rights, the rule of law, and development in Africa /
Statement of responsibility, etc edited by Paul Tiyambe Zeleza and Philip J. McConnaughay.
260 ## - PUBLICATION, DISTRIBUTION, ETC. (IMPRINT)
Place of publication, distribution, etc Philadelphia :
Name of publisher, distributor, etc University of Pennsylvania Press,
Date of publication, distribution, etc c2004.
300 ## - PHYSICAL DESCRIPTION
Extent vi, 302 p. ;
440 #0 - SERIES STATEMENT/ADDED ENTRY--TITLE
Title Pennsylvania studies in human rights
9 (RLIN) 19012
504 ## - BIBLIOGRAPHY, ETC. NOTE
Bibliography, etc Includes bibliographical references and index.
650 #0 - SUBJECT ADDED ENTRY--TOPICAL TERM
Topical term or geographic name as entry element Human rights
Geographic subdivision Africa.
9 (RLIN) 19054
650 #0 - SUBJECT ADDED ENTRY--TOPICAL TERM
Topical term or geographic name as entry element Democratization
Geographic subdivision Africa.
9 (RLIN) 19055
700 1# - ADDED ENTRY--PERSONAL NAME
Personal name Zeleza, Paul Tiyambe,
Dates associated with a name 1955-
9 (RLIN) 19056
700 1# - ADDED ENTRY--PERSONAL NAME
Personal name McConnaughay, Philip J.
9 (RLIN) 19057
906 ## - LOCAL DATA ELEMENT F, LDF (RLIN)
a 7
b cbc
c orignew
d 1
e ocip
f 20
g y-gencatlg
942 ## - ADDED ENTRY ELEMENTS (KOHA)
Source of classification or shelving scheme Library of Congress Classification
Koha item type Monograph ( Printed materials)
Holdings
Withdrawn status Lost status Source of classification or shelving scheme Damaged status Not for loan Collection code Home library Current library Shelving location Date acquired Total Checkouts Full call number Barcode Date last seen Date checked out Price effective from Koha item type
    Library of Congress Classification     Main Collection ARRUPE LIBRARY ARRUPE LIBRARY Main Collection 27/08/2015 4 JC599.A36H87 2004 46500004347 16/05/2022 01/04/2022 27/08/2015 Monograph ( Printed materials)

 

Arrupe Library. PO Box MP320 Mt Pleasant, Harare, Zimbabwe
263 242 745411|librarian@aju.ac.zw